K významu podstaty zmien slovenskej hospodárskej diplomacie na začiatku 21. storočia

Potreba zmien slovenskej hospodárskej diplomacie: zmeny podstaty hospodárskej diplomacie, zmeny vyplývajúce z členstva v EÚ, zmeny vyplývajúce zo zásadnej zmeny ekonomickej rozvojovej stratégie Slovenska v rámci novej koncepcie sociálno-ekonomického rozvoja.

Na minha lista:
Detalhes bibliográficos
Autor principal: Balhar, Víťazoslav
Formato: Capítulo de Livro
Idioma:eslovaco
Assuntos:
Tags: Adicionar Tag
Sem tags, seja o primeiro a adicionar uma tag!

MARC

LEADER 00000naa$a2200000$$$4500
001 0046021
005 20240502071532.3
041 0 |a slo 
044 |a SK 
245 1 0 |a K významu podstaty zmien slovenskej hospodárskej diplomacie na začiatku 21. storočia  |c Víťazoslav Balhar 
520 |a Potreba zmien slovenskej hospodárskej diplomacie: zmeny podstaty hospodárskej diplomacie, zmeny vyplývajúce z členstva v EÚ, zmeny vyplývajúce zo zásadnej zmeny ekonomickej rozvojovej stratégie Slovenska v rámci novej koncepcie sociálno-ekonomického rozvoja. 
610 2 0 |a diplomacia hospodárska 
610 2 0 |a Slovensko 
610 2 0 |a globalizácia hospodárstva 
610 2 0 |a pojmy 
610 2 0 |a Európska únia 
610 2 0 |a stratégia hospodárska 
100 1 |a Balhar, Víťazoslav